Fontes ivris romani antejustiniani

Zapisane w:
Opis bibliograficzny
1. autor: Riccobono, Salvator (Autor)
Format: Książka
Język:łaciński
Wydane: Florencia Apud S.A.G. Barbèra 1968
Hasła przedmiotowe:
Etykiety: Dodaj etykietę
Nie ma etykietki, Dołącz pierwszą etykiete!

MARC

LEADER 00000nam a2200000 a 4500
001 UCR2646
003 CL-VaPUC
008 980112e19680000IT |||||||||||||||||lat|d
082 0 4 |a 340.5401  |b RIC  |2 21 
100 0 |a Riccobono, Salvator  |e author  |9 400821 
245 1 0 |a Fontes ivris romani antejustiniani 
300 |a 513 p 
942 |c BK 
945 |d 19980112 00:00:00  |a aolguin 
260 |a Florencia  |b Apud S.A.G. Barbèra  |c 1968 
650 0 |a Derecho romano  |9 255930 
650 0 |a Fuentes del derecho   |9 255162 
650 7 |a DOCE TABLAS  |2 CL-VaPUC  |9 400822 
650 0 |a Derecho civil  |9 255013 
650 7 |a PRETORES  |2 CL-VaPUC  |9 397581 
650 0 |a Constitución política  |9 336925 
583 |a last modification  |c 20131001 02:36:32  |k Rodrigo Vera 
999 |c 265779  |d 265777 
952 |0 0  |1 0  |4 0  |6 340_540100000000000_RIC_1968  |7 0  |8 DER_ROM  |9 296868  |a BIBDER  |b BIBDER  |d 2019-11-20  |i 1931091  |l 3  |m 4  |o 340.5401 RIC 1968  |p 1931091  |q 2025-12-31  |r 2023-01-25  |s 2021-10-11  |w 2019-11-20  |x Ubicación 4to piso  |y BK_X  |z Este recurso debe solicitarse con anticipación  |k DER